00474 a2200169 450000100060000002000180000604000220002410000180004624000270006424500220009130000080011336200090012165000350013094200070016595201150017299900170028759770 a9783473580125 cAnchieta - Pituba aKordon, Klaus10aDie einbahnstrabelpor10aDie einbahnstrabe a1150 a1979 4aLiteratura juvenil em alemàƒo cBK 00104070a91.1b91.1d2023-11-21l0oLJ 028.543 K84e KOR EINp11229/PITr2023-11-21 18:27:51w2023-11-21yBK c59770d59770